000 00667nam a2200241 a 4500
001 nice12345678
003 IN_TiNIC
005 20260116013824.0
008 050524s1962 newa grp 000 0 eng
020 _a
_c184
082 0 0 _a291.82
_bKAT
100 _aKatsh, Abraham I
245 _aJudaism and the Quran
_b Biblical Talmudic Backgrounds of the Koran and Its
260 _aNew York
_bA. S. Barnes and Company
_c1962
300 _a265p
500 _aincludes index and biblioraphy
505 2 _abibliography, index
650 _aComparative Religion-Judaism & Isla
700 1 _aKatsh, Abraham I
902 _bSRS
942 _cBK
999 _c12663
_d12663